000 01288nam a22002417a 4500
008 130821s2002 ck a gr spa
040 _aCo-BoUCM
_bspa
041 0 _aspa
092 _aE63N014
111 2 _aSeminario de Archivos Bancarios
_d(2002
_cBogotá)
245 1 0 _aEstudio diagnóstico producción documental y propuesta normalización de archivos en entidades bancarias
_b(una aproximación a la problemática de los archivos del sector)
_cseparata del Seminario de Archivos Bancarios (13 al 15 de noviambre de 2002), Sistema Nacional de Archivos, Archivo General de la Nación.
260 _aBogotá (Colombia)
_bSistema Nacional de Archivos ; Archivo General de la Nación
_c2002
300 _a59 páginas
_btablas
506 _aConsulta en sala.
650 0 4 _aAdministración de archivos
_zColombia
_vCongresos, conferencias, etc.
_98530
650 0 4 _aBancos
_xArchivos
_zColombia
_vCongresos, conferencias, etc.
_99920
650 0 4 _aBancos
_zColombia
_vCongresos, conferencias, etc.
_99920
650 0 4 _aBibliotecología
_910049
650 0 4 _aDocumentación
_vCongresos, conferencias, etc.
_913509
650 0 4 _aInstituciones financieras
_zColombia
_vCongresos, conferencias, etc.
_917761
942 _cLIBRO
_a1
_e1
_2DEWEY
_h025.17
999 _c69485
_d69485